Practical cost planning : a guide for surveyors and architects (Record no. 95065)

MARC details
000 -LEADER
fixed length control field 00482cam a2200193 4500
001 - CONTROL NUMBER
control field D2204
008 - FIXED-LENGTH DATA ELEMENTS--GENERAL INFORMATION
fixed length control field 090401t1982 xxu||||| |||| 00| 0 eng d
035 ## - SYSTEM CONTROL NUMBER
System control number (Sirsi) u68036
041 ## - LANGUAGE CODE
Language code of text/sound track or separate title eng
050 ## - LIBRARY OF CONGRESS CALL NUMBER
Classification number 658.1552
100 ## - MAIN ENTRY--PERSONAL NAME
Personal name Cartlidge, Duncan P
245 ## - TITLE STATEMENT
Title Practical cost planning : a guide for surveyors and architects
260 ## - PUBLICATION, DISTRIBUTION, ETC.
Place of publication, distribution, etc. London
Name of publisher, distributor, etc. Hutchinson
Date of publication, distribution, etc. 1982
300 ## - PHYSICAL DESCRIPTION
Extent 120p. 23cm
350 ## - PRICE (NR) (BK AM CF MU VM SE) [OBSOLETE]
Price 5.5
700 ## - ADDED ENTRY--PERSONAL NAME
Personal name Mehrtens, Ian N
942 ## - ADDED ENTRY ELEMENTS (KOHA)
Suppress in OPAC 0
948 ## - LOCAL PROCESSING INFORMATION (OCLC); SERIES PART DESIGNATOR (RLIN)
c (OCLC) 04/03/1997
Holdings
Withdrawn status Lost status Source of classification or shelving scheme Damaged status Not for loan Home library Current library Shelving location Date acquired Cost, normal purchase price Total Checkouts Full call number Barcode Date last seen Date last checked out Copy number Cost, replacement price Price effective from Koha item type
    Dewey Decimal Classification     London London Basement 14/09/1999 5.50 14 BASEMENT 30026753 06/08/2019 12/06/2008 1 5.50 06/08/2019 Book